000 00825nam a2200217Ii 4500
003 JO-AjNU
008 230605s9999||||xx |||||||||||||| ||und||
017 _a1992/1934
020 _a977-5131-118-1
040 _aJO-AjNU
_bara
_erda
_cJO-AjNU
041 _aara
050 1 4 _aDS79.72.Q2564 1992
100 3 _aبقلم القماش، علي؛ تقدبم حسين، عادل,
_eauthor
_98476
245 0 0 _aبالوثائق والصور جرائم امريكا في العراق: الدمار-الحصار - الموت
264 3 1 _aالعجورة: دار الشباب العربي، 1992
300 _a193ص
_bصور توضبحية
336 _atext
_btxt
_2rdacontent
337 _aunmediated
_bn
_2rdamedia
338 _avolume
_bnc
_2rdacarrier
650 4 _aالعراق-خرب الخليج-تاريخ القرن 21
_98477
999 _aA808
_c4376
_d4376